[Event "Deutsche Ländermeisterschaft 2024"]
[Site "Tübingen GER"]
[Date "2024.10.04"]
[Round "4"]
[White "Lutz, Ruben"]
[Black "Weihrauch, Jakob"]
[Result "1-0"]
[Termination "normal"]
[Board "3.1"]
[WhiteTitle "FM"]
[BlackTitle "FM"]
[WhiteElo "2270"]
[BlackElo "2260"]
[WhiteClock "00:32:27"]
[BlackClock "00:22:19"]
[WhiteTeam "Sachsen"]
[BlackTeam "Hamburg"]
[PlyCount "53"]
[WhiteFideId "12975974"]
[BlackFideId "16210115"]
[EventCountry "GER"]
[EventRounds "7"]
[EventType "team-swiss"]
[EventDate "2024.10.02"]

1. d4 {[%clk 01:30:58]} {[%emt 00:00:02]} Nf6 {[%clk 01:30:50]} {[%emt
00:00:10]} 2. Nf3 {[%clk 01:31:22]} {[%emt 00:00:06]} e6 {[%clk 01:31:15]}
{[%emt 00:00:05]} 3. Bg5 {[%clk 01:31:46]} {[%emt 00:00:06]} h6 {[%clk
01:31:23]} {[%emt 00:00:23]} 4. Bxf6 {[%clk 01:32:10]} {[%emt 00:00:06]} Qxf6
{[%clk 01:31:48]} {[%emt 00:00:05]} 5. e4 {[%clk 01:32:36]} {[%emt 00:00:03]}
d6 {[%clk 01:31:49]} {[%emt 00:00:29]} 6. c3 {[%clk 01:32:19]} {[%emt
00:00:47]} Nd7 {[%clk 01:31:19]} {[%emt 00:01:00]} 7. Bd3 {[%clk 01:31:55]}
{[%emt 00:00:54]} g6 {[%clk 01:28:09]} {[%emt 00:03:40]} 8. Nbd2 {[%clk
01:32:08]} {[%emt 00:00:16]} a6 {[%clk 01:28:25]} {[%emt 00:00:14]} 9. O-O
{[%clk 01:31:31]} {[%emt 00:01:07]} Bg7 {[%clk 01:27:09]} {[%emt 00:01:47]} 10.
Re1 {[%clk 01:30:50]} {[%emt 00:01:11]} Qe7 {[%clk 01:26:56]} {[%emt 00:00:43]}
11. a4 {[%clk 01:30:11]} {[%emt 00:01:08]} b6 {[%clk 01:27:14]} {[%emt
00:00:14]} 12. Qe2 {[%clk 01:25:19]} {[%emt 00:05:21]} Bb7 {[%clk 01:26:06]}
{[%emt 00:01:38]} 13. Nc4 {[%clk 01:24:31]} {[%emt 00:01:19]} O-O {[%clk
01:24:08]} {[%emt 00:02:28]} 14. Ne3 {[%clk 01:24:21]} {[%emt 00:00:39]} c6
{[%clk 01:20:59]} {[%emt 00:03:39]} 15. h4 {[%clk 01:18:56]} {[%emt 00:05:55]}
e5 {[%clk 01:11:54]} {[%emt 00:09:35]} 16. dxe5 {[%clk 01:06:10]} {[%emt
00:13:16]} Nxe5 {[%clk 01:07:11]} {[%emt 00:05:13]} 17. Nxe5 {[%clk 01:06:33]}
{[%emt 00:00:08]} Bxe5 {[%clk 01:03:17]} {[%emt 00:04:25]} 18. h5 {[%clk
01:01:50]} {[%emt 00:05:13]} Bg7 {[%clk 00:58:10]} {[%emt 00:05:37]} 19. Qg4
{[%clk 00:54:51]} {[%emt 00:07:28]} Bc8 {[%clk 00:45:53]} {[%emt 00:12:47]} 20.
Qg3 {[%clk 00:55:16]} {[%emt 00:00:06]} Qe5 {[%clk 00:38:56]} {[%emt 00:07:27]}
21. Qxe5 {[%clk 00:50:14]} {[%emt 00:05:32]} dxe5 {[%clk 00:38:39]} {[%emt
00:00:47]} 22. Bc4 {[%clk 00:47:54]} {[%emt 00:02:51]} Kh7 {[%clk 00:29:38]}
{[%emt 00:09:30]} 23. Red1 {[%clk 00:40:26]} {[%emt 00:07:57]} b5 {[%clk
00:22:22]} {[%emt 00:07:47]} 24. Bb3 {[%clk 00:36:43]} {[%emt 00:04:13]} bxa4
{[%clk 00:22:01]} {[%emt 00:00:51]} 25. Bxa4 {[%clk 00:34:56]} {[%emt
00:02:17]} c5 {[%clk 00:22:20]} {[%emt 00:00:11]} 26. Bc6 {[%clk 00:32:40]}
{[%emt 00:02:46]} Rb8 {[%clk 00:22:19]} {[%emt 00:00:30]} 27. Nc4 {[%clk
00:32:27]} {[%emt 00:00:43]} f5 28. hxg6+ {[%clk 00:32:27]} Kxg6 29. Ra5 {[%clk
00:32:27]} fxe4 30. Bxe4+ {[%clk 00:32:27]} Kg5 31. Rxc5 {[%clk 00:32:27]} Be6
32. Nxe5 {[%clk 00:32:27]} Bxe5 33. Rxe5+ {[%clk 00:32:27]} Kf6 34. f4 {[%clk
00:32:27]} Rb5 35. Rxb5 {[%clk 00:32:27]} axb5 36. Kf2 {[%clk 00:32:27]} Kf7
37. Ke3 {[%clk 00:32:27]} Ra8 38. Rd6 {[%clk 00:32:27]} Ra5 39. Rb6 {[%clk
00:32:27]} 1-0

[Event "Deutsche Ländermeisterschaft 2024"]
[Site "Tübingen GER"]
[Date "2024.10.04"]
[Round "4"]
[White "Hubert, Charlotte"]
[Black "Herrmann, Arthur"]
[Result "1-0"]
[Termination "normal"]
[Board "3.4"]
[WhiteElo "1878"]
[BlackElo "2030"]
[WhiteClock "00:35:12"]
[BlackClock "00:13:55"]
[WhiteTeam "Hamburg"]
[BlackTeam "Sachsen"]
[PlyCount "41"]
[WhiteFideId "16265920"]
[BlackFideId "16287150"]
[EventCountry "GER"]
[EventRounds "7"]
[EventType "team-swiss"]
[EventDate "2024.10.02"]

1. e4 {[%clk 01:30:42]} {[%emt 00:00:18]} c5 {[%clk 01:31:14]} {[%emt
00:00:16]} 2. Nf3 {[%clk 01:31:05]} {[%emt 00:00:08]} Nc6 {[%clk 01:31:30]}
{[%emt 00:00:14]} 3. d4 {[%clk 01:30:59]} {[%emt 00:00:08]} cxd4 {[%clk
01:30:42]} {[%emt 00:00:38]} 4. Nxd4 {[%clk 01:31:22]} {[%emt 00:00:07]} Qb6
{[%clk 01:30:58]} {[%emt 00:00:14]} 5. Nb3 {[%clk 01:31:30]} {[%emt 00:00:22]}
Nf6 {[%clk 01:30:55]} {[%emt 00:00:32]} 6. Nc3 {[%clk 01:31:39]} {[%emt
00:00:22]} e6 {[%clk 01:30:42]} {[%emt 00:00:44]} 7. Be3 {[%clk 01:31:47]}
{[%emt 00:00:21]} Qc7 {[%clk 01:30:47]} {[%emt 00:00:25]} 8. a3 {[%clk
01:32:06]} {[%emt 00:00:11]} a6 {[%clk 01:30:41]} {[%emt 00:00:36]} 9. f4
{[%clk 01:32:10]} {[%emt 00:00:26]} d6 {[%clk 01:30:30]} {[%emt 00:00:41]} 10.
g4 {[%clk 01:29:15]} {[%emt 00:03:25]} d5 {[%clk 01:26:51]} {[%emt 00:04:11]}
11. exd5 {[%clk 01:25:32]} {[%emt 00:04:12]} Nxd5 {[%clk 01:26:54]} {[%emt
00:00:27]} 12. Nxd5 {[%clk 01:25:55]} {[%emt 00:00:07]} exd5 {[%clk 01:27:20]}
{[%emt 00:00:04]} 13. Qe2 {[%clk 01:24:50]} {[%emt 00:01:35]} Bd6 {[%clk
01:25:36]} {[%emt 00:02:13]} 14. O-O-O {[%clk 01:20:57]} {[%emt 00:04:23]} O-O
{[%clk 01:23:00]} {[%emt 00:03:06]} 15. f5 {[%clk 01:15:42]} {[%emt 00:05:45]}
Ne5 {[%clk 01:07:43]} {[%emt 00:15:47]} 16. Bd4 {[%clk 01:07:47]} {[%emt
00:08:24]} Bd7 {[%clk 00:59:08]} {[%emt 00:09:06]} 17. Kb1 {[%clk 00:52:24]}
{[%emt 00:15:52]} Rfe8 {[%clk 00:49:57]} {[%emt 00:09:41]} 18. Bg2 {[%clk
00:49:33]} {[%emt 00:03:21]} Bb5 {[%clk 00:21:42]} {[%emt 00:28:44]} 19. Qd2
{[%clk 00:46:28]} {[%emt 00:03:34]} Bc4 {[%clk 00:14:58]} {[%emt 00:07:16]} 20.
Na5 {[%clk 00:38:25]} {[%emt 00:08:34]} Rad8 {[%clk 00:13:55]} {[%emt
00:01:32]} 21. Rhe1 {[%clk 00:35:12]} {[%emt 00:03:42]} b6 {[%clk 00:07:31]}
{[%emt 00:06:55]} 22. Nxc4 {[%clk 00:35:20]} {[%emt 00:00:22]} Qxc4 {[%clk
00:07:18]} {[%emt 00:00:42]} 23. f6 {[%clk 00:33:52]} {[%emt 00:01:59]} g6 24.
Bxe5 {[%clk 00:33:52]} Rxe5 25. Bxd5 {[%clk 00:33:52]} 1-0

[Event "Deutsche Ländermeisterschaft 2024"]
[Site "Tübingen GER"]
[Date "2024.10.04"]
[Round "4"]
[White "Wartenberg, Alissa"]
[Black "Glowiak, Alexandra"]
[Result "1-0"]
[Termination "normal"]
[Board "3.6"]
[WhiteElo "1813"]
[BlackElo "1839"]
[WhiteClock "00:28:21"]
[BlackClock "00:16:27"]
[WhiteTeam "Hamburg"]
[BlackTeam "Sachsen"]
[PlyCount "36"]
[WhiteFideId "16280741"]
[BlackFideId "16259530"]
[EventCountry "GER"]
[EventRounds "7"]
[EventType "team-swiss"]
[EventDate "2024.10.02"]

1. e4 {[%clk 01:30:57]} {[%emt 00:00:03]} e5 {[%clk 01:30:57]} {[%emt
00:00:03]} 2. Nf3 {[%clk 01:31:17]} {[%emt 00:00:10]} Nc6 {[%clk 01:31:24]}
{[%emt 00:00:03]} 3. Bb5 {[%clk 01:31:43]} {[%emt 00:00:04]} Bc5 {[%clk
01:31:33]} {[%emt 00:00:20]} 4. c3 {[%clk 01:32:06]} {[%emt 00:00:08]} Nge7
{[%clk 01:23:17]} {[%emt 00:08:46]} 5. O-O {[%clk 01:30:17]} {[%emt 00:02:19]}
a6 {[%clk 01:21:07]} {[%emt 00:02:40]} 6. Ba4 {[%clk 01:24:55]} {[%emt
00:05:52]} b5 {[%clk 01:21:11]} {[%emt 00:00:26]} 7. Bb3 {[%clk 01:19:04]}
{[%emt 00:06:21]} O-O {[%clk 01:19:09]} {[%emt 00:02:32]} 8. d4 {[%clk
01:11:59]} {[%emt 00:07:35]} exd4 {[%clk 01:19:19]} {[%emt 00:00:19]} 9. cxd4
{[%clk 01:12:21]} {[%emt 00:00:08]} Bb6 {[%clk 01:19:03]} {[%emt 00:00:46]} 10.
Bg5 {[%clk 01:08:13]} {[%emt 00:04:39]} Na5 {[%clk 01:09:56]} {[%emt 00:09:36]}
11. Bc2 {[%clk 01:06:17]} {[%emt 00:02:27]} f6 {[%clk 01:05:57]} {[%emt
00:04:29]} 12. Be3 {[%clk 01:06:06]} {[%emt 00:00:41]} Bb7 {[%clk 01:03:20]}
{[%emt 00:03:06]} 13. e5 {[%clk 01:01:29]} {[%emt 00:05:07]} Nd5 {[%clk
00:54:52]} {[%emt 00:08:58]} 14. Qd3 {[%clk 00:59:43]} {[%emt 00:02:17]} f5
{[%clk 00:52:14]} {[%emt 00:03:08]} 15. Bg5 {[%clk 00:58:07]} {[%emt 00:02:05]}
Qe8 {[%clk 00:51:05]} {[%emt 00:01:39]} 16. a3 {[%clk 00:52:43]} {[%emt
00:05:55]} h6 {[%clk 00:45:00]} {[%emt 00:06:36]} 17. Bd2 {[%clk 00:41:17]}
{[%emt 00:11:54]} Nc4 {[%clk 00:32:22]} {[%emt 00:13:08]} 18. Bc1 {[%clk
00:28:21]} {[%emt 00:13:26]} Qh5 {[%clk 00:16:27]} {[%emt 00:16:25]} 19. b3
{[%clk 00:21:40]} {[%emt 00:07:12]} Na5 {[%clk 00:16:36]} {[%emt 00:00:21]} 20.
Bd1 {[%clk 00:21:43]} {[%emt 00:00:27]} Qf7 {[%clk 00:14:37]} {[%emt 00:02:29]}
21. Nc3 {[%clk 00:19:42]} {[%emt 00:02:30]} Nxc3 {[%clk 00:14:25]} {[%emt
00:00:42]} 22. Qxc3 {[%clk 00:20:05]} {[%emt 00:00:07]} Bd5 {[%clk 00:13:57]}
{[%emt 00:00:59]} 23. Rb1 {[%clk 00:19:12]} {[%emt 00:01:22]} Rac8 {[%clk
00:13:43]} {[%emt 00:00:44]} 24. b4 {[%clk 00:12:35]} {[%emt 00:07:08]} Nc4
{[%clk 00:13:45]} {[%emt 00:00:27]} 25. Bb2 {[%clk 00:12:24]} {[%emt 00:00:41]}
Qg6 {[%clk 00:12:13]} {[%emt 00:02:03]} 26. Nh4 {[%clk 00:06:21]} {[%emt
00:06:32]} Qg5 {[%clk 00:10:15]} {[%emt 00:02:28]} 27. Nf3 {[%clk 00:06:15]}
{[%emt 00:00:36]} Bxf3 {[%clk 00:09:40]} {[%emt 00:01:05]} 28. Bxf3 {[%clk
00:06:35]} {[%emt 00:00:10]} Nd2 {[%clk 00:09:28]} {[%emt 00:00:42]} 29. Bc1
{[%clk 00:06:48]} {[%emt 00:00:17]} Nxf3+ {[%clk 00:08:29]} {[%emt 00:01:29]}
30. Qxf3 {[%clk 00:07:16]} {[%emt 00:00:02]} Qe7 {[%clk 00:07:49]} {[%emt
00:01:11]} 31. Rd1 {[%clk 00:07:09]} {[%emt 00:00:36]} c6 {[%clk 00:06:50]}
{[%emt 00:01:29]} 32. Rb3 {[%clk 00:04:57]} {[%emt 00:02:42]} Qh4 {[%clk
00:05:07]} {[%emt 00:02:14]} 33. Rbd3 {[%clk 00:03:16]} {[%emt 00:02:10]} Rce8
{[%clk 00:03:46]} {[%emt 00:01:51]} 34. g3 {[%clk 00:02:32]} {[%emt 00:01:14]}
Qg4 {[%clk 00:02:35]} {[%emt 00:01:40]} 35. Kg2 {[%clk 00:02:13]} {[%emt
00:00:50]} Qxf3+ {[%clk 00:01:49]} {[%emt 00:01:16]} 36. Kxf3 {[%clk 00:02:31]}
{[%emt 00:00:12]} Re6 {[%clk 00:00:52]} {[%emt 00:01:27]} 37. Kg2 {[%clk
00:02:01]} {[%emt 00:01:00]} d6 {[%clk 00:00:52]} {[%emt 00:00:29]} 38. f4
{[%clk 00:01:52]} {[%emt 00:00:39]} Rd8 {[%clk 00:00:36]} {[%emt 00:00:46]} 39.
d5 {[%clk 00:01:41]} {[%emt 00:00:42]} cxd5 {[%clk 00:00:51]} {[%emt 00:00:16]}
40. Rxd5 {[%clk 00:02:05]} {[%emt 00:00:05]} Bc7 {[%clk 00:00:51]} {[%emt
00:00:30]} 41. Bb2 {[%clk 00:01:21]} {[%emt 00:01:14]} g6 {[%clk 00:21:59]}
{[%emt 00:09:22]} 42. Rc1 {[%clk 00:23:11]} {[%emt 00:08:40]} dxe5 {[%clk
00:15:35]} {[%emt 00:06:54]} 43. Rxd8+ {[%emt 00:01:52]} Bxd8 {[%clk 00:16:06]}
{[%emt 00:01:25]} 44. Bxe5 {[%clk 00:26:39]} {[%emt 00:10:45]} Re8 {[%clk
00:16:20]} {[%emt 00:01:10]} 45. Rc6 {[%clk 00:23:08]} {[%emt 00:03:01]} Kf7
{[%clk 00:23:11]} {[%emt 00:00:06]} 46. Rxa6 {[%clk 00:23:09]} {[%emt
00:00:06]} Bf6 {[%clk 00:15:40]} {[%emt 00:02:09]} 47. Rxf6+ {[%clk 00:27:40]}
{[%emt 00:04:32]} Kg8 {[%clk 00:14:43]} {[%emt 00:03:49]} 48. Rxg6+ {[%clk
00:15:12]} {[%emt 00:01:49]} Kh7 {[%clk 00:14:53]} {[%emt 00:00:15]} 49. Rb6
{[%clk 00:15:17]} {[%emt 00:00:14]} Ra8 {[%clk 00:14:50]} {[%emt 00:00:09]} 50.
Rxb5 {[%clk 00:15:39]} {[%emt 00:00:07]} Rxa3 {[%clk 00:11:24]} {[%emt
00:04:47]} 51. Rb7+ {[%clk 00:16:16]} {[%emt 00:01:13]} Kg6 {[%clk 00:13:22]}
{[%emt 00:02:49]} 52. Rg7+ {[%clk 00:19:33]} {[%emt 00:04:30]} Kh5 {[%clk
00:10:51]} {[%emt 00:02:37]} 53. Rf7 {[%clk 00:19:38]} {[%emt 00:00:07]} Ra2+
{[%clk 00:04:36]} {[%emt 00:06:26]} 54. Kf3 {[%clk 00:19:43]} {[%emt 00:00:06]}
Kg6 {[%clk 00:02:27]} {[%emt 00:02:27]} 55. Rf6+ {[%clk 00:19:41]} {[%emt
00:00:04]} Kg7 {[%clk 00:08:07]} {[%emt 00:05:42]} 56. Rb8+ {[%clk 00:01:10]}
{[%emt 00:00:49]} Kf7 {[%clk 00:01:53]} {[%emt 00:00:35]} 57. Be1 {[%clk
00:00:46]} {[%emt 00:00:55]} h4 {[%clk 00:01:38]} {[%emt 00:00:46]} 58. Rb7
{[%clk 00:00:45]} {[%emt 00:00:30]} Ke6 {[%clk 00:01:46]} {[%emt 00:00:22]} 59.
Rb6+ {[%clk 00:01:05]} {[%emt 00:00:09]} Kd7 {[%clk 00:01:18]} {[%emt
00:00:58]} 60. Rh6 {[%clk 00:01:01]} {[%emt 00:00:34]} Rd1 {[%clk 00:01:07]}
{[%emt 00:00:42]} 61. Bxh4 {[%emt 00:00:58]} Bxb4 {[%clk 00:01:23]} {[%emt
00:00:10]} 62. Rf6 {[%clk 00:00:41]} {[%emt 00:00:26]} Bc5+ {[%clk 00:01:18]}
{[%emt 00:00:35]} 63. Ke2 {[%clk 00:01:04]} {[%emt 00:00:07]} Rd5 {[%clk
00:01:39]} {[%emt 00:00:09]} 64. Bf2 {[%clk 00:00:59]} {[%emt 00:00:35]} Bd6
{[%clk 00:01:24]} {[%emt 00:00:44]} 65. Be3 {[%clk 00:00:52]} {[%emt 00:00:37]}
b4 {[%clk 00:01:33]} {[%emt 00:00:22]} 66. Bc1 {[%clk 00:01:04]} {[%emt
00:00:18]} Rc5 {[%clk 00:01:24]} {[%emt 00:00:38]} 67. Kd1 {[%clk 00:00:50]}
{[%emt 00:00:45]} b3 {[%clk 00:01:35]} {[%emt 00:00:19]} 68. Rxd6+ {[%clk
00:00:50]} {[%emt 00:00:29]} Kxd6 {[%clk 00:02:02]} {[%emt 00:00:03]} 69. Ba3
{[%clk 00:01:17]} {[%emt 00:00:04]} Kd5 {[%clk 00:02:04]} {[%emt 00:00:28]} 70.
Bxc5 {[%clk 00:01:42]} {[%emt 00:00:05]} Kxc5 {[%clk 00:02:33]} 71. Kd2 {[%clk
00:00:53]} {[%emt 00:01:18]} Kd5 {[%clk 00:02:48]} {[%emt 00:00:16]} 72. h4
{[%clk 00:01:16]} {[%emt 00:00:07]} Ke6 {[%clk 00:02:32]} {[%emt 00:00:46]} 73.
Kc3 {[%clk 00:01:26]} {[%emt 00:00:19]} Kf6 {[%clk 00:02:58]} {[%emt 00:00:04]}
74. Kxb3 {[%clk 00:00:57]} {[%emt 00:01:00]} Kg6 {[%clk 00:03:24]} {[%emt
00:00:04]} 75. Kc4 {[%clk 00:01:19]} {[%emt 00:00:07]} Kh5 {[%clk 00:03:41]}
{[%emt 00:00:14]} 76. Kd5 {[%clk 00:01:43]} {[%emt 00:00:06]} Kxh4 {[%clk
00:02:10]} {[%emt 00:02:01]} 77. Ke6 {[%clk 00:02:04]} {[%emt 00:00:09]} Kh5
{[%clk 00:01:45]} {[%emt 00:00:55]} 78. Kxf5 {[%clk 00:02:10]} {[%emt
00:00:23]} Kh6 {[%clk 00:02:11]} {[%emt 00:00:05]} 79. Kf6 {[%clk 00:02:32]}
{[%emt 00:00:07]} Kh7 {[%clk 00:02:35]} {[%emt 00:00:06]} 80. Kf7 {[%clk
00:02:57]} {[%emt 00:00:05]} Kh8 {[%clk 00:02:51]} {[%emt 00:00:14]} 81. f5
{[%clk 00:03:22]} {[%emt 00:00:06]} Kh7 {[%clk 00:03:16]} {[%emt 00:00:05]} 82.
Ke7 {[%clk 00:03:47]} {[%emt 00:00:05]} Kh8 {[%clk 00:03:26]} {[%emt 00:00:20]}
83. f6 {[%clk 00:04:14]} {[%emt 00:00:03]} 1-0

[Event "Deutsche Ländermeisterschaft 2024"]
[Site "Tübingen GER"]
[Date "2024.10.04"]
[Round "4"]
[White "Busch, Lara Sophie"]
[Black "Stiehler, Mara"]
[Result "1-0"]
[Termination "normal"]
[Board "3.8"]
[WhiteElo "1634"]
[BlackElo "1601"]
[WhiteClock "00:15:34"]
[BlackClock "00:36:46"]
[WhiteTeam "Hamburg"]
[BlackTeam "Sachsen"]
[PlyCount "51"]
[WhiteFideId "34664866"]
[BlackFideId "34621199"]
[EventCountry "GER"]
[EventRounds "7"]
[EventType "team-swiss"]
[EventDate "2024.10.02"]

1. e4 {[%clk 01:30:57]} {[%emt 00:00:02]} e6 {[%clk 01:30:57]} {[%emt
00:00:03]} 2. d4 {[%clk 01:31:19]} {[%emt 00:00:07]} d5 {[%clk 01:31:24]}
{[%emt 00:00:04]} 3. exd5 {[%clk 01:31:40]} {[%emt 00:00:09]} exd5 {[%clk
01:31:49]} {[%emt 00:00:04]} 4. c4 {[%clk 01:31:55]} {[%emt 00:00:15]} Bb4+
{[%clk 01:32:15]} {[%emt 00:00:05]} 5. Nc3 {[%clk 01:32:08]} {[%emt 00:00:17]}
Nf6 {[%clk 01:32:23]} {[%emt 00:00:22]} 6. Bd3 {[%clk 01:32:23]} {[%emt
00:00:15]} dxc4 {[%clk 01:32:47]} {[%emt 00:00:05]} 7. Bxc4 {[%clk 01:32:41]}
{[%emt 00:00:13]} O-O {[%clk 01:32:19]} {[%emt 00:00:58]} 8. Nge2 {[%clk
01:32:58]} {[%emt 00:00:12]} Nc6 {[%clk 01:29:24]} {[%emt 00:03:25]} 9. O-O
{[%clk 01:32:34]} {[%emt 00:00:55]} Bf5 {[%clk 01:27:19]} {[%emt 00:02:34]} 10.
a3 {[%clk 01:30:57]} {[%emt 00:02:08]} Bd6 {[%clk 01:26:27]} {[%emt 00:01:22]}
11. Ng3 {[%clk 01:29:10]} {[%emt 00:02:16]} Bxg3 {[%clk 01:26:03]} {[%emt
00:00:55]} 12. hxg3 {[%clk 01:19:20]} {[%emt 00:10:21]} Nxd4 {[%clk 01:24:18]}
{[%emt 00:02:13]} 13. Bg5 {[%clk 01:18:41]} {[%emt 00:00:59]} Ne6 {[%clk
01:22:52]} {[%emt 00:02:04]} 14. Bxe6 {[%clk 01:04:21]} {[%emt 00:14:52]} fxe6
{[%clk 01:21:54]} {[%emt 00:01:28]} 15. Qb3 {[%clk 01:01:54]} {[%emt 00:02:57]}
b6 {[%clk 01:20:24]} {[%emt 00:01:59]} 16. Rad1 {[%clk 00:56:12]} {[%emt
00:06:13]} Qe8 {[%clk 01:19:27]} {[%emt 00:01:27]} 17. f3 {[%clk 00:53:20]}
{[%emt 00:03:23]} Qg6 {[%clk 01:18:24]} {[%emt 00:01:33]} 18. Bf4 {[%clk
00:44:54]} {[%emt 00:08:56]} Nh5 {[%clk 01:10:21]} {[%emt 00:08:33]} 19. Rf2
{[%clk 00:38:39]} {[%emt 00:06:45]} Nxf4 {[%clk 01:06:02]} {[%emt 00:04:49]}
20. gxf4 {[%clk 00:38:14]} {[%emt 00:00:55]} Kh8 {[%clk 01:01:17]} {[%emt
00:05:14]} 21. Rfd2 {[%clk 00:33:09]} {[%emt 00:05:35]} h5 {[%clk 00:58:26]}
{[%emt 00:03:22]} 22. Kf2 {[%clk 00:31:49]} {[%emt 00:01:50]} h4 {[%clk
00:56:53]} {[%emt 00:02:03]} 23. Ne2 {[%clk 00:28:31]} {[%emt 00:03:47]} Rae8
{[%clk 00:47:08]} {[%emt 00:10:16]} 24. Rh1 {[%clk 00:23:49]} {[%emt 00:05:12]}
Qh6 {[%clk 00:42:03]} {[%emt 00:05:35]} 25. Qc3 {[%clk 00:18:33]} {[%emt
00:05:42]} Rf7 {[%clk 00:36:46]} {[%emt 00:05:50]} 26. Qe5 {[%clk 00:15:34]}
{[%emt 00:03:30]} Kg8 {[%clk 00:32:12]} {[%emt 00:05:03]} 27. Nd4 {[%clk
00:12:52]} {[%emt 00:03:12]} c5 {[%clk 00:30:47]} {[%emt 00:01:55]} 28. Nb5
{[%clk 00:11:55]} {[%emt 00:01:28]} Ref8 {[%clk 00:27:37]} {[%emt 00:03:38]}
29. Nd6 {[%clk 00:11:24]} {[%emt 00:01:02]} Re7 {[%clk 00:25:26]} {[%emt
00:02:41]} 30. Ke3 {[%clk 00:10:00]} {[%emt 00:01:55]} h3 {[%clk 00:16:56]}
{[%emt 00:08:59]} 31. g4 {[%clk 00:08:19]} {[%emt 00:02:10]} Bh7 {[%clk
00:12:47]} {[%emt 00:04:40]} 32. Rdh2 {[%clk 00:07:12]} {[%emt 00:01:37]} Qg6
{[%clk 00:09:55]} {[%emt 00:03:22]} 33. Ne4 {[%clk 00:06:06]} {[%emt 00:01:36]}
Rd7 {[%clk 00:08:23]} {[%emt 00:02:02]} 34. Rxh3 {[%clk 00:02:50]} {[%emt
00:03:47]} Rd5 {[%clk 00:05:11]} {[%emt 00:03:42]} 35. Qc3 {[%clk 00:03:16]}
{[%emt 00:00:04]} c4 {[%clk 00:05:15]} {[%emt 00:00:25]} 36. Qxc4 {[%clk
00:03:26]} {[%emt 00:00:20]} Qf7 {[%clk 00:04:32]} {[%emt 00:01:13]} 37. Ng5
{[%clk 00:02:23]} {[%emt 00:01:33]} Rd3+ {[%clk 00:04:14]} {[%emt 00:00:48]}
38. Kf2 {[%clk 00:01:09]} {[%emt 00:01:44]} Rd2+ {[%clk 00:02:48]} {[%emt
00:01:56]} 39. Kg3 {[%clk 00:01:31]} {[%emt 00:00:08]} Rc2 {[%clk 00:00:47]}
{[%emt 00:02:31]} 40. Rxh7 {[%clk 00:01:18]} {[%emt 00:00:42]} 1-0